000 00545nam a22001697a 4500
005 20240809101308.0
008 240809b |||||||| |||| 00| 0 eng d
020 _a0409016152
041 _aEnglish
082 _a349 SOU
100 _lEnglish
245 _aButterworths Consolidated Index and Noter-Up to the All South African Law Reports 1947-2001
260 _aDurban:
_bButterworth Publishers (Pty) Ltd,
_c2002
300 _bviii, 775 pages;
_c25 cm.
650 _aLegal practice
_bLaw
942 _cBK
_6ALISON_BN_VRIES
999 _c2546
_d2546